| 000 | 00355nam a22001457a 4500 | ||
|---|---|---|---|
| 003 | MACL | ||
| 005 | 20190901154402.0 | ||
| 008 | 190901b xxu||||| |||| 00| 0 eng d | ||
| 040 | _c MACL | ||
| 100 |
_aCour, Ajeet _9653 |
||
| 245 | _aSitakant Majapatra: A Major Voice in Indian Poerty | ||
| 260 | _c2017 | ||
| 650 |
_aPoetry _976511 |
||
| 942 |
_2ddc _cBK |
||
| 999 |
_c60913 _d60913 |
||